000 00728nam a2200241 a 4500
001 000020132
005 20200929170259.0
008 100719s1948 sp r 001 e spa d
082 _a862.4
_bS825h, 1948
100 1 _aStendhal
_d1783-1842
_916823
245 1 0 _aHistoria de la pintura en Italia /
_cStendhal.
250 _a2a ed.
260 _aMadrid :
_bEspasa-Calpe,
_c1948.
300 _a164 p. ;
_c18 cm.
490 1 _aVerde : ensayos y filosofía
_v815
500 _aIncluye índice de autores
650 4 _aTeatro español
_93071
650 4 _aComedia española
_93085
650 4 _aLiteratura española
_9632
830 0 _aAustral.
_pVerde : ensayos y filosofía;
_v815
_98733
049 _aBNGR
999 _c19640
_d19640
040 _aDO-SdBNP